[Event "Moscow-ch"]
[Site "Moscow"]
[Date "1992.??.??"]
[Round "?"]
[White "Ivanov, Victor L"]
[Black "Makarjev, Ilja"]
[Result "1/2-1/2"]
[WhiteElo "2355"]
[BlackElo "2335"]

1.d4 Nf6 2.c4 g6 3.Nc3 Bg7 4.e4 d6 5.Nf3 O-O 6.Be2 e5 7.O-O Qe8 8.d5 a5 9.Ne1 Na6
10.Nd3 Nd7 11.Be3 f5 12.f3 c5 13.dxc6 bxc6 14.a3 Nf6 15.Nf2 Qe7 16.b4 Be6
17.b5 cxb5 18.cxb5 Nc5 19.Bxc5 dxc5 20.Qa4 Bh6 21.Bc4 Be3 22.exf5 gxf5 23.Rae1 Bd4
24.Ne2 Bxc4 25.Qxc4+ Qf7 26.Qxf7+ Kxf7 27.Nxd4 exd4 28.Rc1 Rfc8 29.Nd3 Rab8
30.a4 Nd7 31.Nb2 Nb6 32.Nc4 Nxc4 33.Rxc4 d3 34.Rd1  1/2-1/2

[Event "Moscow3"]
[Site "Moscow"]
[Date "1992.??.??"]
[Round "?"]
[White "Naumkin, Igor"]
[Black "Kuzmin, Gennadi P"]
[Result "1/2-1/2"]
[WhiteElo "2460"]
[BlackElo "2535"]

1.d4 Nf6 2.c4 g6 3.Nc3 Bg7 4.e4 d6 5.Nf3 O-O 6.Be2 e5 7.dxe5 dxe5 8.Qxd8 Rxd8
9.Bg5 Re8 10.Nd5 Nxd5 11.cxd5 c6 12.Bc4 cxd5 13.Bxd5 Na6 14.O-O-O Nc7 15.Bb3 Be6
16.Bxe6 Nxe6 17.Be3  1/2-1/2

[Event "Moscow-ch"]
[Site "Moscow"]
[Date "1992.??.??"]
[Round "?"]
[White "Mitenkov, Alexey"]
[Black "Makarjev, Ilja"]
[Result "0-1"]
[WhiteElo "2390"]
[BlackElo "2335"]

1.d4 Nf6 2.c4 g6 3.Nc3 Bg7 4.e4 d6 5.Be2 O-O 6.Nf3 e5 7.O-O Na6 8.Re1 Qe8
9.Bf1 Bg4 10.d5 Nb4 11.Be2 a5 12.Be3 Nh5 13.a3 Na6 14.Nd2 Bxe2 15.Nxe2 Nc5
16.Qc2 f5 17.f3 fxe4 18.Nxe4 Nxe4 19.fxe4 Qd7 20.Rf1 Qg4 21.h3 Qh4 22.Rxf8+ Rxf8
23.Rf1 Nf4 24.Rf2 g5 25.c5 g4 26.hxg4 Qxg4 27.Bxf4 exf4 28.Rf3 Be5 29.b3 Rf6
30.cxd6 Rg6 31.Rf2 cxd6 32.Qd3 Qh4 33.Nd4 Rh6 34.Kf1 Qh1+ 35.Ke2 Qc1 36.Nf5 Rh1
37.Kf3 h5 38.Qc2 b5 39.a4 bxa4 40.Qxc1 Rxc1 41.bxa4 Rc3+ 42.Ke2 Ra3 43.Ne7+ Kg7
44.Nc6 Rxa4 45.Kd3 Kf6 46.Rf1 h4 47.Rb1 Ra2 48.Rb8 Rxg2 49.Nxe5 dxe5 50.Rf8+ Ke7
51.Rf5 Kd6 52.Rf6+ Kc5 53.Rc6+ Kb5 54.Rc1 h3  0-1

[Event "Munich op9192"]
[Site "Munich"]
[Date "1992.??.??"]
[Round "1"]
[White "Titz, Heimo"]
[Black "Brunner, Lucas"]
[Result "0-1"]
[WhiteElo "2290"]
[BlackElo "2505"]

1.c4 g6 2.Nc3 Bg7 3.d4 Nf6 4.e4 d6 5.Be2 O-O 6.Nf3 e5 7.d5 a5 8.Bg5 h6 9.Bh4 Na6
10.Nd2 h5 11.a3 Bd7 12.Rb1 Bh6 13.Nf3 a4 14.Bxf6 Qxf6 15.Nxa4 Bxa4 16.Qxa4 Nc5
17.Qc2 Qf4 18.g3 Qxe4 19.Qxe4 Nxe4 20.Bd3 f5 21.Bxe4 fxe4 22.Nh4 Kg7 23.Ra1 Bg5
24.Ng2 Rf3 25.O-O Ra4 26.b4 Rfxa3 27.Rxa3 Rxa3 28.h4 Bd2 29.Rb1 Ra4 30.Ne3 Rxb4
31.Rxb4 Bxb4 32.Kf1 Bc5 33.Ng2 c6 34.dxc6 bxc6 35.Ke2 Kf6 36.Ne1 d5 37.Nc2 d4
38.Na1 d3+ 39.Ke1 e3 40.fxe3 Bxe3 41.Nb3 Ke6  0-1

[Event "Munich op9192"]
[Site "Munich"]
[Date "1992.??.??"]
[Round "3"]
[White "Krausser, Helmut"]
[Black "Barthel, Bergit"]
[Result "1-0"]
[WhiteElo "2270"]
[BlackElo "2085"]

1.d4 Nf6 2.c4 g6 3.Nc3 Bg7 4.e4 d6 5.Nf3 O-O 6.Be2 e5 7.O-O exd4 8.Nxd4 Re8
9.f3 c6 10.Nc2 Na6 11.Kh1 Nc7 12.Be3 d5 13.exd5 cxd5 14.c5 Bf5 15.Bf2 Bxc2
16.Qxc2 Rc8 17.Rfd1 Ne6 18.b4 d4 19.Nb5 Nd5 20.Rab1 Qf6 21.Nxd4 Qf4 22.Nxe6 fxe6
23.Bg3 Qf6 24.Rb3 Nc3 25.Rd7 Nxe2 26.Qxe2 Red8 27.Rbd3 e5 28.Bxe5 Re8 29.Bxf6 Rxe2
30.Rxg7+ Kf8 31.h3  1-0

[Event "Munich op9192"]
[Site "Munich"]
[Date "1992.??.??"]
[Round "3"]
[White "Tauber, Manfred"]
[Black "Brendel, Oliver"]
[Result "0-1"]
[WhiteElo "2245"]
[BlackElo "2325"]

1.d4 Nf6 2.Nf3 g6 3.c4 Bg7 4.Nc3 O-O 5.e4 d6 6.Be2 e5 7.O-O exd4 8.Nxd4 Re8
9.f3 c6 10.Kh1 Nbd7 11.Nc2 Nb6 12.Ne3 Be6 13.f4 d5 14.cxd5 cxd5 15.f5 Bxf5
16.exd5 Be4 17.Bf3 Qd7 18.a4 Rad8 19.Nxe4 Nxe4 20.Ra3 Nxd5 21.Rd3 Nxe3 22.Rxd7 Nxd1
23.Rdxd1 Nf2+ 24.Kg1 Nxd1 25.Bxd1 Bd4+ 26.Kh1 Be3 27.Bb3 Rd7 28.h3 Bxc1 29.Rxc1  0-1

[Event "Munich op9192"]
[Site "Munich"]
[Date "1992.??.??"]
[Round "6"]
[White "Boensch, Uwe"]
[Black "Kindermann, Stefan"]
[Result "1/2-1/2"]
[WhiteElo "2560"]
[BlackElo "2500"]

1.d4 Nf6 2.c4 g6 3.Nc3 Bg7 4.e4 d6 5.Nf3 O-O 6.Be3 e5 7.Be2 Ng4 8.Bg5 f6
9.Bc1 Nc6 10.h3 exd4 11.Nb5 d3 12.Qxd3 Nge5 13.Nxe5 Nxe5 14.Qb3 Kh8 15.O-O  1/2-1/2

[Event "Munich op9192"]
[Site "Munich"]
[Date "1992.??.??"]
[Round "7"]
[White "Van Wely, Loek"]
[Black "Zude, Erik"]
[Result "1-0"]
[WhiteElo "2475"]
[BlackElo "2300"]

1.d4 Nf6 2.c4 g6 3.Nc3 Bg7 4.e4 d6 5.Nf3 O-O 6.Be2 e5 7.O-O Na6 8.Be3 c6
9.d5 Ng4 10.Bg5 f6 11.Bh4 Nh6 12.a3 c5 13.Ne1 Bd7 14.Nd3 Kh8 15.b4 g5 16.Bg3 f5
17.f3 f4 18.Be1 b6 19.Rb1 Rg8 20.g4 fxg3 21.hxg3 g4 22.fxg4 Bf6 23.Nf2 Bg5
24.Qd3 Nc7 25.bxc5 bxc5 26.Ncd1 Ne8 27.Ne3 Rb8 28.Rxb8 Qxb8 29.Nf5 Nf6 30.Kg2 Qb6
31.Rh1 Nf7 32.Bc3 Rb8 33.Nh3 Be8 34.Bd1 Qd8 35.Rf1 Rb7 36.Qf3 Ng8 37.Nf4 Bd7
38.Ne6 Qf6 39.Nf4 Qd8 40.Bc2 Rb8 41.Rh1 Qf6 42.Nd3 Rb6 43.a4 Be8 44.a5 Rb7
45.Rf1 Ngh6 46.Nf4 Ng8 47.Qe2 Bd7 48.Nh5 Qg6 49.Nxd6 Qxd6 50.Rxf7 h6 51.Qf1 Rb8  1-0

[Event "Munich op9192"]
[Site "Munich"]
[Date "1992.??.??"]
[Round "7"]
[White "Kishnev, Sergey"]
[Black "Kostic, Vladimir"]
[Result "0-1"]
[WhiteElo "2540"]
[BlackElo "2390"]

1.d4 Nf6 2.c4 g6 3.Nc3 Bg7 4.e4 d6 5.Nf3 O-O 6.Be2 e5 7.O-O Nbd7 8.Qc2 exd4
9.Nxd4 Re8 10.Rd1 a6 11.Bg5 h6 12.Bh4 c6 13.Rd2 Qb6 14.Nb3 a5 15.Rxd6 a4
16.Nd2 Qb4 17.Rd3 Nc5 18.a3 Qb6 19.Re3 Ng4 20.Bxg4 Bxg4 21.h3 Be6 22.Rae1 Bd4
23.R3e2 g5 24.Bg3 Red8 25.e5 Bxc3 26.bxc3 Rd3 27.Ne4 Rad8 28.Nxc5 Qxc5 29.Qxa4 Rxg3  0-1

[Event "Munich op9192"]
[Site "Munich"]
[Date "1992.??.??"]
[Round "7"]
[White "Ulibin, Mikhail"]
[Black "Ankerst, Mihael"]
[Result "1-0"]
[WhiteElo "2565"]
[BlackElo "2195"]

1.Nf3 Nf6 2.c4 g6 3.Nc3 Bg7 4.e4 d6 5.d4 O-O 6.Be2 e5 7.O-O Na6 8.Be3 Qe8
9.dxe5 dxe5 10.c5 Ng4 11.Bxa6 Nxe3 12.fxe3 bxa6 13.Nd5 Qd8 14.Qa4 Rb8 15.Rad1 Bd7
16.c6 Be6 17.b3 f5 18.Nf4 Qe7 19.Nxe6 Qxe6 20.Ng5 Qf6 21.Qc4+ Kh8 22.Ne6 Rf7
23.exf5 gxf5 24.Rd7 Bh6 25.e4 Be3+ 26.Kh1 f4 27.Qd5 Rg8 28.Rxf7  1-0

[Event "Munich op9192"]
[Site "Munich"]
[Date "1992.??.??"]
[Round "8"]
[White "Gruenberg, Hans Ulrich"]
[Black "Reich, Thomas"]
[Result "1/2-1/2"]
[WhiteElo "2530"]
[BlackElo "2400"]

1.d4 Nf6 2.c4 g6 3.Nc3 Bg7 4.e4 d6 5.Be2 O-O 6.Be3 e5 7.Nf3 Bg4 8.dxe5 Bxf3
9.exf6 Bxe2 10.Qxe2 Qxf6 11.O-O Qe6 12.Bd2 Nd7 13.Rae1 c6 14.b3 a6 15.a4 Nc5
16.Qd1 a5 17.Qc2 Rfe8 18.f3 Qe5 19.Ne2 Qb2 20.Qxb2 Bxb2 21.Rb1 Bg7 22.Be3 f5
23.Bxc5 dxc5 24.Ng3 Bd4+ 25.Kh1 f4 26.Ne2 Be3 27.g3 g5 28.Kg2 Kf7 29.h4 gxh4
30.gxf4 h3+ 31.Kh1 Rg8 32.Ng1 Rg3 33.Rbe1 Bd4 34.Rd1 Rg2 35.Nxh3 Rb2 36.Ng5+ Ke7
37.f5 Rg8 38.f4 h6 39.Nf3 Rg3 40.Nxd4  1/2-1/2

[Event "Nassau Masters"]
[Site "Nassau"]
[Date "1992.??.??"]
[Round "8"]
[White "Laflair, R."]
[Black "Ritter, Mark"]
[Result "1/2-1/2"]
[WhiteElo "2330"]
[BlackElo "2375"]

1.d4 Nf6 2.c4 d6 3.Nc3 Nbd7 4.e4 e5 5.Nf3 g6 6.Be2 Bg7 7.O-O O-O 8.Re1 exd4
9.Nxd4 Nc5 10.f3 Ne6 11.Be3 Nxd4 12.Bxd4 Be6 13.Qd2 Nd7 14.Rad1  1/2-1/2

[Event "NED-chT"]
[Site "NED"]
[Date "1992.??.??"]
[Round "?"]
[White "Van Laatum, Gozewijn"]
[Black "Schouten, Nico"]
[Result "1-0"]
[WhiteElo "2380"]
[BlackElo "2270"]

1.d4 Nf6 2.c4 g6 3.Nc3 Bg7 4.e4 d6 5.Nf3 O-O 6.Be2 e5 7.O-O Nbd7 8.Qc2 Re8
9.d5 Re7 10.Rb1 Qf8 11.b4 Ne8 12.g3 Bh6 13.Ng5 Bxg5 14.Bxg5 f6 15.Be3 h5
16.c5 Rh7 17.cxd6 cxd6 18.Nb5 f5 19.exf5 gxf5 20.Nxa7 f4 21.Nxc8 fxe3 22.Qg6+ Kh8
23.fxe3 Nef6 24.Nb6 Rh6 25.Nxd7 Rxg6 26.Nxf8 Rxf8 27.Bxh5 Rgg8 28.Be2 Kg7
29.Bc4 Rc8 30.Rbc1 Ng4 31.Rfe1 Rh8 32.h4 Rhf8 33.Be2 Nxe3 34.Rxc8 Rxc8 35.Bf3 Nf5
36.Bg4 Rf8 37.Bxf5 Rxf5 38.Rf1 Rh5 39.Re1 Rf5 40.Kg2 Rf8 41.Rc1 Ra8 42.Rc7+ Kf6
43.Rxb7 e4 44.h5 Rxa2+ 45.Kh3 Ke5 46.h6 Kd4 47.h7 Ra8 48.Re7 Kd3 49.g4 e3
50.g5 e2 51.g6  1-0

[Event "NED-chT"]
[Site "NED"]
[Date "1992.??.??"]
[Round "?"]
[White "Grooten, Herman"]
[Black "Bosboom, Manuel"]
[Result "0-1"]
[WhiteElo "2430"]
[BlackElo "2455"]

1.d4 Nf6 2.c4 g6 3.Nc3 Bg7 4.e4 d6 5.Nf3 O-O 6.Be2 e5 7.Be3 Nbd7 8.d5 Ng4
9.Bg5 f6 10.Bh4 h5 11.Nd2 Nh6 12.f3 a5 13.Qc2 g5 14.Bf2 f5 15.O-O-O Nc5 16.Nb3 b6
17.Nxc5 bxc5 18.h4 g4 19.exf5 Nxf5 20.fxg4 Nd4 21.Bxd4 exd4 22.Ne4 d3 23.Rxd3 hxg4
24.Rg3 Be5 25.Ng5 Qe7 26.Rxg4 Bxg4 27.Bxg4 Qg7 28.Qe2 Qh6 29.Kc2 Rab8 30.b3 a4
31.Be6+ Kh8 32.Rf1 axb3+ 33.axb3 Qg6+ 34.Kc1 Bf4+ 35.Kb2 Be5+ 36.Kc1 Rxf1+
37.Qxf1 Kg7 38.Bf5 Qh6 39.Kc2 Qxh4 40.Ne6+ Kh8 41.Nxc7 Qh5 42.Qf3 Qxf3 43.gxf3 Kg7
44.Bd7 Kf6 45.Bb5 Bg3 46.b4 cxb4 47.Na6 Rf8 48.c5 dxc5 49.Nxc5 Ke7 50.Nd3 Bd6
51.f4 Ra8 52.Kb2 Ra3 53.Ne5 Rc3 54.Nc6+ Kf6 55.Nd4 Re3 56.Ne6 Kf5 57.Bc6 Be7
58.Ba4 Ke4 59.Bb3 Re2+ 60.Kc1 Kd3 61.f5 Kc3 62.d6 Bxd6 63.f6 Re1+ 64.Bd1 b3  0-1

[Event "CZE-ch U20"]
[Site "Neratovice"]
[Date "1992.??.??"]
[Round "?"]
[White "Adamek, Zdenek"]
[Black "Pinc, Miroslav"]
[Result "1/2-1/2"]
[WhiteElo "2110"]
[BlackElo "2085"]

1.d4 Nf6 2.Nf3 g6 3.c4 Bg7 4.Nc3 O-O 5.e4 d6 6.Be2 e5 7.O-O Nbd7 8.d5 Nc5
9.Nd2 a5 10.b3 Ne8 11.a3 f5 12.Rb1 Nf6 13.f3 Bd7 14.Qc2 f4 15.b4 axb4 16.axb4 Na4
17.Nb5 Bxb5 18.cxb5 Nb6 19.Nb3 g5 20.Bd2 h5 21.Rfc1 Rf7 22.Ra1 Rxa1 23.Rxa1 g4
24.Be1 gxf3 25.Bxf3 Ng4 26.Bf2 Qg5 27.Qe2 Bh6 28.Nd2 Kh7 29.Ra7 Qg8 30.Nf1 Rg7
31.Qa2 h4 32.h3 Nxf2 33.Qxf2 Qc8 34.Bg4 Qb8 35.Qa2 Bg5 36.Nd2 Bf6 37.Nf3 Kh8
38.Kh1 Kh7 39.Kh2 Kh8 40.Kh1 Kh7 41.Nd2 Rf7 42.Nc4 Rf8 43.Nxb6 cxb6 44.Ra3 Qc7
45.Qb2 Qg7 46.Rc3 Rf7 47.Qc2 Bd8 48.Rc8 Rc7 49.Qe2 Rxc8 50.Bxc8 Kh6  1/2-1/2

[Event "New York op"]
[Site "New York"]
[Date "1992.??.??"]
[Round "5"]
[White "Shneider, Aleksandr"]
[Black "Poldauf, Dirk"]
[Result "1-0"]
[WhiteElo "2515"]
[BlackElo "2360"]

1.d4 Nf6 2.c4 g6 3.Nc3 Bg7 4.e4 d6 5.Be2 O-O 6.Nf3 e5 7.O-O Na6 8.Be3 Ng4
9.Bg5 Qe8 10.dxe5 h6 11.Bd2 dxe5 12.Ne1 Nf6 13.Nd3 c6 14.Be3 Qe7 15.b4 Nd7
16.b5 Nc7 17.bxc6 bxc6 18.Qa4 Bb7 19.Rab1 Nb6 20.Qb3 Rfb8 21.Nc5 Bc8 22.N3a4 Ne6
23.Nxe6 Bxe6 24.Qc2 Nxa4 25.Qxa4 Qc7 26.Rb3 Rxb3 27.axb3 c5 28.Ra1 Bf8 29.Bd1 Rd8
30.Bc2 Rd7 31.Qa5 Qxa5 32.Rxa5 Rc7 33.Kf1 h5 34.Bg5 Kh7 35.Ke2 Bh6 36.Bf6 Bg7
37.Bd8 Rd7 38.Bg5 Rc7 39.Ra6 Bc8 40.Ra5 f6 41.Bc1 Kg8 42.Ba3 Bf8 43.Kd3 Kf7
44.Kc3 Ke6 45.b4 cxb4+ 46.Bxb4 Bxb4+ 47.Kxb4 Rb7+ 48.Kc3 h4 49.c5 Ke7 50.Ba4 Be6
51.c6 Rc7 52.Kb4 Kd6 53.Bb5 Rh7 54.Ra1 Rc7 55.Rd1+ Ke7 56.Kc5 Bg4 57.f3 Be6
58.Ba6 g5 59.h3 Bf7 60.Bb7 Be8  1-0

[Event "NLD-ch op"]
[Site "?"]
[Date "1992.??.??"]
[Round "6"]
[White "Crouch, Colin S"]
[Black "Schouten, Nico"]
[Result "1-0"]
[WhiteElo "2425"]
[BlackElo "2270"]

1.d4 Nf6 2.c4 g6 3.Nc3 Bg7 4.e4 d6 5.Nf3 O-O 6.Be2 e5 7.O-O Nbd7 8.Qc2 exd4
9.Nxd4 c6 10.Be3 Re8 11.Rad1 Nc5 12.Nxc6 Qd7 13.Bxc5 Qxc6 14.Bxd6 Nxe4 15.Nxe4 Qxe4
16.Qxe4 Rxe4 17.Bd3 Rd4 18.Bc5 Rd8 19.b3 Be6 20.Be4  1-0

[Event "NOR-ch"]
[Site "?"]
[Date "1992.??.??"]
[Round "4"]
[White "Grotnes, Nils"]
[Black "Fossan, Petter"]
[Result "1-0"]
[WhiteElo "2345"]
[BlackElo "2300"]

1.d4 Nf6 2.Nf3 g6 3.c4 Bg7 4.Nc3 O-O 5.e4 d6 6.Be2 Nbd7 7.O-O e5 8.Qc2 c6
9.Rd1 exd4 10.Nxd4 Qe7 11.Bf4 Re8 12.f3 Nh5 13.Be3 f5 14.Bf2 f4 15.Nb3 Be5
16.Rd2 Nc5 17.Rad1 Be6 18.Nd4 a5 19.a3 a4 20.Nxe6 Qxe6 21.Bxc5 dxc5 22.Nxa4 Bd4+
23.Rxd4 cxd4 24.Rxd4 Red8 25.Rd1 Rxd1+ 26.Qxd1 Qe7 27.c5 Rd8 28.Qb3+ Kg7
29.Qc3+ Kh6 30.Nb6 Nf6 31.b4 Ne8 32.Nc4 Qd7 33.Kf2 Qe6 34.Ne5 Nf6 35.Bc4 Nd5
36.exd5 cxd5 37.Ng4+ Kg5 38.Qd4 h5 39.h4+ Kxh4 40.Qxf4 Qf5 41.g3+  1-0

[Event "NOR-RIN"]
[Site "?"]
[Date "1992.??.??"]
[Round "2"]
[White "Gausel, Einar"]
[Black "Ginting, Nasib"]
[Result "0-1"]
[WhiteElo "2485"]
[BlackElo "2430"]

1.d4 Nf6 2.c4 g6 3.Nc3 Bg7 4.e4 d6 5.Be2 O-O 6.Nf3 Nbd7 7.O-O e5 8.Be3 c6
9.d5 c5 10.Ne1 Ne8 11.Nd3 Nb6 12.Qb3 a5 13.a4 Nd7 14.Nb5 f5 15.exf5 gxf5
16.f4 e4 17.Nf2 Ndf6 18.h3 Kh8 19.g3 Qe7 20.Kh1 h5 21.Rg1 Rg8 22.Rg2 Bh6
23.Rag1 Rg6 24.Qd1 Ng7 25.Rh2 Kh7 26.Rgg2 Bd7 27.Nc3 Rg8 28.Qb3 Bc8 29.Qb6 Nge8
30.g4 fxg4 31.hxg4 hxg4 32.Rg3 Ng7 33.Kg2 Nf5 34.Nfd1 Kg7 35.Bf1 Nxe3+ 36.Nxe3 Bxf4
37.Ne2 Be5 38.Qxa5 Rh8 39.Rxh8 Kxh8 40.Kg1 Nh5 41.Rg2 g3 42.b4 Nf4 43.Nxf4 Bxf4
44.Nc2 Qh4 45.Qa8 Rg8  0-1

[Event "NOR-RIN"]
[Site "?"]
[Date "1992.??.??"]
[Round "3"]
[White "Tisdall, Jonathan D"]
[Black "Ginting, Nasib"]
[Result "1/2-1/2"]
[WhiteElo "2435"]
[BlackElo "2430"]

1.d4 Nf6 2.c4 g6 3.Nc3 Bg7 4.e4 d6 5.Be2 O-O 6.Nf3 Nbd7 7.O-O e5 8.Be3 Qe7
9.dxe5 dxe5 10.Nd5 Qd8 11.Qc2 Ng4 12.Bg5 f6 13.Bd2 c6 14.Nc3 f5 15.exf5 gxf5
16.Ng5 Ndf6 17.Rad1 Qe7 18.h3 Nh6 19.Rfe1 Nf7 20.Nxf7 Qxf7 21.Bf1 Nd7 22.f4 e4
23.Be3 Nf6 24.Rd2 Be6 25.b3 Qc7 26.Ne2 Rad8 27.Red1 b6 28.Rxd8 Rxd8 29.Rxd8+ Qxd8
30.Qd2 Qxd2 31.Bxd2 Nd7 32.Bc3 c5 33.Bxg7 Kxg7 34.Kf2 Nb8 35.Ke3 Nc6 36.Nc3 h5
37.h4 Nd4 38.Be2 Bf7 39.Bd1 Kf6 40.Be2 Ke7 41.Bd1 Kd6 42.Ne2 Nxe2 43.Bxe2  1/2-1/2

[Event "Nordic zt"]
[Site "?"]
[Date "1992.??.??"]
[Round "6"]
[White "Hansen, Lars Bo"]
[Black "Cramling, Pia"]
[Result "1-0"]
[WhiteElo "2530"]
[BlackElo "2530"]

1.d4 Nf6 2.Nf3 g6 3.c4 Bg7 4.Nc3 O-O 5.e4 d6 6.Be2 e5 7.Be3 Na6 8.O-O Qe8
9.h3 exd4 10.Bxd4 c5 11.Bxf6 Bxf6 12.Qxd6 Bxc3 13.bxc3 Qxe4 14.Bd3 Qc6 15.Qxc6 bxc6
16.Be4 Be6 17.Bxc6 Rad8 18.Rfe1 Nb8 19.Ba4 Nd7 20.Bb5 Nb6 21.Re5 Rd3 22.Rxc5 Rxc3
23.Ng5 Bxc4 24.Re1 Rc2 25.Re7 h6 26.Ne4 Rd8 27.Rcc7 Na8 28.Rxc4  1-0

[Event "Norresundby op"]
[Site "Norresundby"]
[Date "1992.??.??"]
[Round "5"]
[White "Holmsgaard, Henrik"]
[Black "Kjeldsen, Jens"]
[Result "0-1"]
[WhiteElo "2290"]
[BlackElo "2365"]

1.c4 Nf6 2.Nc3 g6 3.e4 d6 4.d4 Bg7 5.Nf3 O-O 6.Be2 e5 7.O-O Na6 8.Re1 Qe8
9.dxe5 dxe5 10.h3 c6 11.Bf1 Qe7 12.a3 Nc5 13.Qc2 Nh5 14.Be3 Ne6 15.Rad1 f5
16.Ne2 Kh8 17.Bc1 c5 18.Rd5 fxe4 19.Nh2 Nf6 20.Rxe5 Qd6 21.f4 exf3 22.Nxf3 Bd7
23.Rd1 Qc7 24.Re3 Rae8 25.Nc3 Nd4 26.Nxd4 cxd4 27.Rxd4 Ng4 28.Rxg4 Bxg4 29.Rxe8 Rxe8
30.hxg4 Bd4+ 31.Kh1 Qg3 32.Qd3 Qf2 33.Kh2 Be5+ 34.Kh3 Qg1 35.Bf4 Bxf4  0-1

[Event "Nova Gorica (Women)"]
[Site "Nova Gorica"]
[Date "1992.??.??"]
[Round "?"]
[White "Nutu Gajic, Dana"]
[Black "Grosar, Kiti"]
[Result "1-0"]
[WhiteElo "2350"]
[BlackElo "2125"]

1.d4 Nf6 2.c4 g6 3.Nc3 Bg7 4.e4 d6 5.Nf3 O-O 6.Be2 e5 7.Be3 Qe7 8.dxe5 dxe5
9.Nd5 Nxd5 10.cxd5 c6 11.d6 Qd7 12.Qc2 b6 13.Rd1 c5 14.b4 cxb4 15.Qb2 Nc6
16.Bb5 Bb7 17.O-O a6 18.Bxc6 Qxc6 19.Qxb4 b5 20.Ng5 a5 21.Qb3 h6 22.Rc1 Qa6
23.Nxf7 Rxf7 24.Rc7 Rf8 25.Rfc1 Qxd6 26.Rxb7 b4 27.Rcc7 Qf6 28.f3 Qh4 29.g3 Qf6
30.Bc5 a4 31.Qxf7+ Rxf7 32.Rxf7 Qxf7 33.Rxf7 Kxf7 34.Bxb4 g5 35.Kf1 g4 36.fxg4 Kg6
37.Ke2 Bf6 38.Bd6 Kg7 39.Kd3 Kg6 40.Kc4 Kg5 41.h3  1-0

[Event "Novi Sad"]
[Site "Novi Sad"]
[Date "1992.??.??"]
[Round "10"]
[White "Ostojic, Nikola"]
[Black "Kozul, Zdenko"]
[Result "1-0"]
[WhiteElo "2365"]
[BlackElo "2545"]

1.d4 Nf6 2.c4 g6 3.Nc3 Bg7 4.e4 d6 5.Be2 O-O 6.Nf3 e5 7.dxe5 dxe5 8.Qxd8 Rxd8
9.Bg5 c6 10.Nxe5 h6 11.Bxf6 Bxf6 12.Nd3 Re8 13.f3 Nd7 14.O-O-O Bd4 15.Kc2 f5
16.Nf4 Bf6 17.Nxg6 Kf7 18.Nf4 Nc5 19.b4 Be5 20.Nd3 Nxd3 21.Bxd3 f4 22.g3 Rg8
23.Ne2 a5 24.gxf4 Bc7 25.b5 Bh3 26.bxc6 bxc6 27.Rhg1 Rg2 28.Rxg2 Bxg2 29.Rg1 Rg8
30.c5 Rg7 31.Bc4+ Kf8 32.Nd4 Bh3 33.Rxg7 Kxg7 34.e5 Bd8 35.Be6 Bg2 36.Bd7 Kf7
37.Bxc6 Bh4 38.Bd5+ Ke8 39.c6 Bf2 40.Be6 Kd8 41.Nb5 Bb6 42.c7+  1-0

[Event "Novy Smokovec"]
[Site "Novy Smokovec"]
[Date "1992.??.??"]
[Round "?"]
[White "Priehoda, Vitezslav"]
[Black "Popovic, Petar"]
[Result "1/2-1/2"]
[WhiteElo "2420"]
[BlackElo "2535"]

1.d4 Nf6 2.c4 g6 3.Nc3 Bg7 4.e4 d6 5.Be2 O-O 6.Nf3 e5 7.d5 a5 8.Bg5 h6 9.Bh4 Na6
10.Nd2 Qe8 11.O-O Bd7 12.b3 Nh7 13.a3 h5 14.f3 Bh6 15.Rb1 Be3+ 16.Bf2 Bxf2+
17.Rxf2 Qe7 18.Bd3 h4 19.Qe2 Nf6 20.Qe3 Nh5 21.Ne2 c6 22.Bc2 Rac8 23.Rbf1 cxd5
24.exd5 f5 25.Qb6 Nf6 26.Bb1 a4 27.b4 Be8 28.Re1 Qc7 29.Qe3 b5 30.cxb5 Bxb5
31.Qg5  1/2-1/2

[Event "Oakham"]
[Site "Oakham"]
[Date "1992.??.??"]
[Round "2"]
[White "Aleksandrov, Aleksej"]
[Black "Borriss, Martin"]
[Result "1-0"]
[WhiteElo "2460"]
[BlackElo "2395"]

1.d4 Nf6 2.c4 g6 3.Nc3 Bg7 4.e4 d6 5.Nf3 O-O 6.Be2 e5 7.d5 a5 8.Nd2 Na6 9.h4 h5
10.Nf3 c6 11.Ng5 cxd5 12.cxd5 Bd7 13.Be3 Ng4 14.Bxg4 Bxg4 15.Qb3 Nc5 16.Bxc5 dxc5
17.Na4 Bh6 18.O-O c4 19.Qxc4 Bxg5 20.hxg5 Qxg5 21.f3 Bd7 22.Nc3 Rac8 23.Qd3 h4
24.Rad1 Kg7 25.d6 Be6 26.Qd2 Qh5 27.Qe3 Rfd8 28.Rd2 Rc6 29.Rfd1 h3 30.g3 g5
31.Kh2 g4 32.f4 exf4 33.gxf4 f5 34.e5 Kf7 35.Ne2 Qg6 36.Qg3 Qh6 37.Nd4 Rc4
38.Rf1 Rc5 39.Nxe6 Qxe6 40.Qh4 Rd7 41.Qh7+ Kf8 42.Qh8+ Kf7 43.Rff2 Rc1 44.Qh4 Qg6
45.Qg3 Rd8 46.Rfe2 Qe6 47.Qh4 Rh8 48.Qxh8 g3+ 49.Kxh3 Rh1+ 50.Rh2 gxh2 51.Qh7+  1-0

[Event "Oakham"]
[Site "Oakham"]
[Date "1992.??.??"]
[Round "5"]
[White "Grigore, George"]
[Black "Buckley, Graeme"]
[Result "1-0"]
[WhiteElo "2430"]
[BlackElo "2205"]

1.d4 Nf6 2.c4 g6 3.Nc3 Bg7 4.e4 d6 5.Nf3 O-O 6.Be2 e5 7.dxe5 dxe5 8.Qxd8 Rxd8
9.Nd5 Nxd5 10.cxd5 c6 11.Bc4 b5 12.Bb3 Bb7 13.Bg5 Rc8 14.Rc1 Nd7 15.dxc6 Rxc6
16.Ke2 Rac8 17.Rxc6 Bxc6 18.Rc1 Nb6 19.Be3 Nc4 20.Bxa7 Bxe4 21.Nd2 Bb7 22.Nxc4 Ba6
23.Bd1 bxc4 24.Ke1 e4 25.Be2 Bxb2 26.Rc2 Be5 27.a4 f5 28.g3 Kf7 29.h4 Ke6
30.Rc1 Rc6 31.Be3 c3 32.Bb5 Bxb5 33.axb5 Rc4 34.b6 Kd5 35.Rd1+ Kc6 36.Rd8 Rb4
37.Kd1 Rb1+ 38.Kc2 Rb2+ 39.Kc1 Ra2 40.Rc8+ Kd7 41.Rc5 Bf6 42.Rc7+ Kd8 43.Bf4 Ra1+
44.Kc2 Ra2+ 45.Kd1 Ra1+ 46.Ke2 Ra2+ 47.Kf1 Bd4 48.b7 Rxf2+ 49.Ke1 Ba7 50.Rc8+ Kd7
51.Ra8  1-0

[Event "Oakham"]
[Site "Oakham"]
[Date "1992.??.??"]
[Round "6"]
[White "Prakash, G B."]
[Black "Martinidesz, Denes"]
[Result "1-0"]
[WhiteElo "2335"]
[BlackElo "2215"]

1.d4 Nf6 2.Nf3 g6 3.c4 Bg7 4.Nc3 d6 5.e4 O-O 6.Be2 e5 7.Be3 Nc6 8.d5 Ne7
9.Nd2 c5 10.O-O Ne8 11.a3 f5 12.f3 f4 13.Bf2 g5 14.b4 b6 15.g4 Ng6 16.Qb3 Kf7
17.a4 Bd7 18.a5 Rh8 19.axb6 axb6 20.bxc5 bxc5 21.Rxa8 Qxa8 22.Rb1 h5 23.Qb7 Qxb7
24.Rxb7 Ke7 25.gxh5 Rxh5 26.Nb3 Rh3 27.Na5 Nf8 28.Na4 Nf6 29.Nc6+ Ke8 30.Nb6 g4
31.Nc8 Bxc6 32.Nxd6+ Kd8 33.dxc6 Ne6 34.Bxc5 Nxc5 35.c7+  1-0

[Event "Oakham"]
[Site "Oakham"]
[Date "1992.??.??"]
[Round "9"]
[White "Grigore, George"]
[Black "Borriss, Martin"]
[Result "1-0"]
[WhiteElo "2430"]
[BlackElo "2395"]

1.d4 Nf6 2.c4 g6 3.Nc3 Bg7 4.e4 d6 5.Nf3 O-O 6.Be2 e5 7.dxe5 dxe5 8.Qxd8 Rxd8
9.Bg5 c6 10.Nxe5 Re8 11.O-O-O Na6 12.Nf3 Bg4 13.e5 Nd7 14.h3 Bxf3 15.Bxf3 Nxe5
16.Be2 f5 17.Be3 Bf8 18.Na4 b6 19.a3 Rab8 20.Rhe1 b5 21.cxb5 cxb5 22.Nc3 b4
23.Nd5 Rec8+ 24.Kb1 Nc4 25.Rc1 Nxa3+ 26.bxa3 bxa3+ 27.Ka1 Bg7+ 28.Ka2 Rb2+
29.Kxa3 Rcb8 30.Bxa6 Bf8+ 31.Bc5 R2b3+ 32.Ka4 Rb2 33.Ne7+ Bxe7 34.Bc4+  1-0

[Event "Odorheiu Secuiesc"]
[Site "Odorheiu Secuiesc"]
[Date "1992.??.??"]
[Round "?"]
[White "Pogorelov, Ruslan"]
[Black "Ardeleanu, Alin"]
[Result "1-0"]
[WhiteElo "2385"]
[BlackElo "2350"]

1.Nf3 g6 2.c4 Bg7 3.d4 Nf6 4.Nc3 O-O 5.e4 d6 6.Be2 e5 7.dxe5 dxe5 8.Qxd8 Rxd8
9.Bg5 Nbd7 10.O-O-O Rf8 11.Nd2 c6 12.Be3 Re8 13.f3 Bf8 14.Nb3 b6 15.Rd2 a5
16.Na4 Bb4 17.Rc2 Rb8 18.a3 Be7 19.c5 b5 20.Nb6 a4 21.Na5 Bb7 22.Rd1 Nf8
23.g4 Red8 24.Rxd8 Bxd8 25.Rd2 Bc7 26.Nxb7 Rxb7 27.Nc8 Ba5 28.Rd6 Rc7 29.Rxc6 Ne6
30.Rxc7 Nxc7 31.Ne7+ Kf8 32.Nc6 Be1 33.Nxe5 Ke7 34.Nc6+ Kd7 35.Nd4 b4 36.c6+ Kd6
37.Bf4+ Kc5 38.Bxc7 Ne8 39.Be5 bxa3 40.bxa3 Bc3 41.Ne6+ fxe6 42.Bxc3 Kxc6
43.Bc4  1-0

[Event "Odorheiu Secuiesc"]
[Site "Odorheiu Secuiesc"]
[Date "1992.??.??"]
[Round "?"]
[White "Pogorelov, Ruslan"]
[Black "Badea, Bela"]
[Result "1-0"]
[WhiteElo "2385"]
[BlackElo "2395"]

1.Nf3 Nf6 2.c4 g6 3.Nc3 Bg7 4.e4 d6 5.d4 O-O 6.Be2 e5 7.dxe5 dxe5 8.Qxd8 Rxd8
9.Bg5 c6 10.Nxe5 Re8 11.O-O-O Na6 12.Rd6 Rxe5 13.Bxf6 Bxf6 14.Rxf6 Nc5 15.Rd6 Nxe4
16.Nxe4 Rxe4 17.Rd8+ Kg7 18.Bf3 Rxc4+ 19.Kd2 c5 20.Re1 Rd4+ 21.Rxd4 cxd4
22.Re8 d3 23.Be4 a5 24.Kxd3 f5 25.Bd5  1-0

[Event "Odorheiu Secuiesc"]
[Site "Odorheiu Secuiesc"]
[Date "1992.??.??"]
[Round "?"]
[White "Pogorelov, Ruslan"]
[Black "Grigore, George"]
[Result "1-0"]
[WhiteElo "2385"]
[BlackElo "2430"]

1.Nf3 Nf6 2.c4 g6 3.Nc3 Bg7 4.e4 d6 5.d4 O-O 6.Be2 e5 7.d5 a5 8.Be3 Ng4 9.Bg5 f6
10.Bh4 Na6 11.Nd2 Nh6 12.a3 Bd7 13.Rb1 Nc5 14.b4 axb4 15.axb4 Na4 16.Nxa4 Bxa4
17.Qc1 c6 18.O-O cxd5 19.cxd5 g5 20.Bg3 f5 21.f3 Bd7 22.Nb3 Rc8 23.Qd2 b5
24.Na5 g4 25.Nc6 Rxc6 26.dxc6 Bxc6 27.Rbc1 Ba8 28.Qd3 gxf3 29.Bxf3 d5 30.Qb3 Kh8
31.exd5 e4 32.Be2 Bxd5 33.Qe3 Be6 34.Rcd1 Qf6 35.Bd6 Rg8 36.Bc5 Bc4 37.Bxc4 bxc4
38.Bd4 Qg6 39.Bxg7+ Rxg7 40.Rd8+ Ng8 41.g3  1-0

[Event "Olot op"]
[Site "Olot"]
[Date "1992.??.??"]
[Round "1"]
[White "Serra Olives, Tomas"]
[Black "Dimitrov, Vladimir"]
[Result "0-1"]
[WhiteElo "2290"]
[BlackElo "2405"]

1.Nf3 d6 2.d4 Nf6 3.c4 g6 4.Nc3 Bg7 5.e4 O-O 6.Be2 e5 7.dxe5 dxe5 8.O-O Nbd7
9.Qc2 c6 10.b3 Re8 11.Ne1 Nc5 12.Be3 Ne6 13.Rd1 Nd4 14.Qc1 Nxe4 15.Bxd4 exd4
16.Nxe4 Rxe4 17.Bf3 Re8 18.Nd3 Bf5 19.b4 a5 20.b5 cxb5 21.cxb5 Rc8 22.Qd2 Rc4
23.Nf4 Rc2  0-1